zpět

Detail výsledku týmu

Hospůdka Želenice, Želenice

Datum a čas kvízu

19 Celkem bodů Celkový počet nahraných bodů na tomto kvízu bez doplňovacích otázek.
5. Pořadí na kvízu Konečné umístění týmu na tomto kvízu.

Zaznamenané odpovědi

# Otázka Odpověď Body Výsledky
1. Největší veřejně přístupnou sb... 1
2. Slovenská vládní krize přinesl... 1
3. 15. března při zahájení Febiof... 0
4. Nápojářská skupina Kofola kupu... 0
5. Sezona silniční cyklistiky zač... 0
6. Stephen Hawking, jehož obdivuh... 0
7. V 70. letech se Hawking začal... 1
8. Hawking se během své vědecké d... 0
9. Jaký neobvyklý dopravní prostř... 0
10. V roce 2014 byl britským režis... 0